000 00292nam a2200121Ia 4500
008 190216s9999||||xx |||||||||||||| ||und||
100 _aGurdeep Raj
245 0 _aAdvanced Inorganic Chemistry
260 _bGoel Pub House
_c2002
300 _a1459
650 _aInorganic Chemistry
942 _cBK
999 _c3159
_d3159